| 000 | 00732nam a2200193 a 4500 | ||
|---|---|---|---|
| 005 | 20210219145820.0 | ||
| 008 | 991125s1976 mx 000 0 spa u | ||
| 035 | _aUPN01000001398 | ||
| 049 | _aCG | ||
| 050 | 4 |
_aPA6787 A3 _bT5.4 |
|
| 100 | 1 |
_aTribullus, Albius, _d55-19 A.C. |
|
| 245 | 1 | 0 |
_aAlbio Tibulo y su círculo elegías : _blibros I-III / _cintrod., tr. rítmica y notas de Tarsicio Herrera Zapién. |
| 260 |
_aMéxico : _bUNAM, Instituto de Investigaciones Filológicas, _c1976. |
||
| 300 | _a80, ccxxviii p. | ||
| 440 | 0 | _aBibliotheca scriptorum graecorum et romanorum mexicana | |
| 500 | _a"Albii tibvlli aliorvmove elegiarvm libri I-III" | ||
| 650 | 4 | _aLITERATURA LATINA (SELECCIONES, EXTRACTOS, ETC.) | |
| 905 | _aLibro | ||
| 999 |
_c1398 _d1398 |
||